000 00585nam a22002177a 4500
003 UA-OsUOA
001 61245
007 ta
008 20090623b un ||||| |||| 00| 0 ukr d
090 _a94(477)(075/8)
942 _cBK
040 _aUA-OsUOA
_beng
_cUA-OsUOA
_dUA-OsUOA
245 _aUkraine,my Ukraine!
_cУкладач С.В. Гапонова.
955 _a2
041 _aeng
080 _a94(477)(075/8)
020 _a978-966-346-435-0
260 _aК.
_bЗнання
_c2008
650 7 _a9 Географія. Біографії. Історія
_2UDC
999 _c347144
_d347144